00710naa a2200145 i 45000010005000000030009000050050017000140080039000310400021000700800008000911000154000992450098002537000148003517730065004998825KOSZ 00520180307141954.0140930s2009 pl n f |000 0pol cBPKdKOSZ 005/EG a6411 aPIEPIÓRKA-STEPUK, Joanna.d2011 - .bPolitechnika Koszalińska - Wydział Mechaniczny,cKatedra Procesów i Urządzeń Przemysłu Spożywczego10aInstalacje rurowe – mycie w obiegu zamkniętym /cJoanna Piepiórka, Sylwia Mierzejewska.1 aMIERZEJEWSKA, Sylwia.bPolitechnika Koszalińska - Wydział Mechaniczny,cKatedra Procesów i Urządzeń Przemysłu Spożywczegod2005 - .0 iW :tPrzemysł Spożywczy. -g2009, T. 63, nr 11x0033-250X